000 01778nam a2200493 c 4500
999 _c48706
_d48706
001 48706
003 ES-MaCES
005 20250526142653.0
007 cr |||||||||||
008 161227s2016 sp 000 ||spa d
017 _aNA 1708-2016
_bDL
020 _a9788491354253
040 _aES-MaCES
_bspa
_cES-MaCES
041 0 _aspa
_aita
245 1 3 _aLa inspección de trabajo
_b: regulación española y perspectiva internacional
_cJoaquín García Murcia (dir.) ; [autores, Renato Bignami ... et al.]
250 _a1ª ed
260 _aCizur Menor (Navarra)
_bAranzadi-Thomson Reuters
_c2016
300 _a716 p.
_c24 cm
490 1 _aEstudios
500 _aDisponible en formato electrónico mediante la aplicación PROVIEW
500 _aTextos en español e italiano
500 _aAnexo normativo, documental y jurisprudencial: p. 653-684
504 _aBibliografía: p. 685-715
541 _cCompra
650 4 _ainspección del trabajo
_928213
650 4 _aseguridad social
_927034
650 4 _aseguridad en el trabajo
_928348
650 4 _asalud en el trabajo
_928347
650 4 _aconflicto de trabajo
_928367
650 4 _aarreglo de conflicto
_927305
650 4 _aEspaña
_926964
650 4 _aComunidades Autónomas
_930768
650 4 _arégimen jurídico
_929894
650 4 _aderecho internacional
_926684
650 4 _aderecho comparado
_929868
650 4 _aUE
_926752
653 1 0 _aDerecho del trabajo y Seguridad Social
700 1 _912994
_aGarcía Murcia, Joaquín
_edir.
700 1 _937637
_aBignami, Renato
830 0 _aEstudios (Thomson Reuters-Aranzadi)
_934937
856 4 _uhttps://legalteca.aranzadilaley.es/my-library?sponsor=82111144-IP
_yLegalteca
902 _aLIB Libro
942 _2CES
_cBK
_h6.0.1.